000 00746nam a2200205Ia 4500
005 20241129110207.0
008 241129s9999||||xx |||||||||||||| ||und||
037 _aTB
040 _aARTS
_bhin
_cARTS
041 _ahin
_2hin
084 _aV2 152R2
_qARTS
100 _aगुरूदत्त, ले.
245 0 _aभारतवर्ष का संक्षिप्त इतिहास: आदिकाल से रामोदय तक
_cगुरूदत्त, ले.
260 _aनई दिल्ली, भारत
_bहिन्दी साहित्य सदन
_c2023
300 _a207पृ0
365 _aINR
_b200
650 _aHistory-India
942 _cTB
_hV2 152R2
999 _c1227671
_d1227671